00313 a2200109 4500001000900000005001700009008004100026245005400067100002300121773004200144999001700186ART_721920260410161623.0260409a 10aInspección General de Justicia. Tasa anual 20111 aPiñeiro, Horacio0 tEnfoquesg- Nº 9 (sep. 2011)wREV416 c11721d11721